[Event "Deutsche Ländermeisterschaft 2023"]
[Site "Hannover GER"]
[Date "2023.10.05"]
[Round "7"]
[White "Chandrasekher, Ritu"]
[Black "Wartenberg, Alissa"]
[Result "0-1"]
[Termination "normal"]
[Board "7.6"]
[WhiteElo "1344"]
[BlackElo "1690"]
[WhiteClock "00:44:43"]
[BlackClock "00:41:16"]
[WhiteTeam "Mecklenburg-Vorpommern"]
[BlackTeam "Hamburg"]
[PlyCount "74"]
[WhiteFideId "34609024"]
[BlackFideId "16280741"]
[EventCountry "GER"]
[EventRounds "7"]
[EventType "team-swiss"]
[EventDate "2023.09.30"]

1. e4 {[%clk 01:30:55]} {[%emt 00:00:04]} c5 {[%clk 01:30:56]} {[%emt
00:00:05]} 2. c3 {[%clk 01:31:09]} {[%emt 00:00:16]} e6 {[%clk 01:31:04]}
{[%emt 00:00:22]} 3. d4 {[%clk 01:31:27]} {[%emt 00:00:11]} d5 {[%clk
01:31:31]} {[%emt 00:00:04]} 4. exd5 {[%clk 01:31:41]} {[%emt 00:00:15]} exd5
{[%clk 01:31:58]} {[%emt 00:00:04]} 5. Nf3 {[%clk 01:31:42]} {[%emt 00:00:28]}
Nf6 {[%clk 01:31:04]} {[%emt 00:01:26]} 6. Bb5+ {[%clk 01:31:41]} {[%emt
00:00:30]} Bd7 {[%clk 01:30:26]} {[%emt 00:01:08]} 7. Bxd7+ {[%clk 01:31:49]}
{[%emt 00:00:22]} Qxd7 {[%clk 01:30:21]} {[%emt 00:00:36]} 8. O-O {[%clk
01:31:57]} {[%emt 00:00:21]} Be7 {[%clk 01:30:32]} {[%emt 00:00:19]} 9. dxc5
{[%clk 01:32:05]} {[%emt 00:00:22]} Bxc5 {[%clk 01:30:35]} {[%emt 00:00:28]}
10. Re1+ {[%clk 01:31:52]} {[%emt 00:00:41]} Ne4 {[%clk 01:30:20]} {[%emt
00:00:47]} 11. Be3 {[%clk 01:31:23]} {[%emt 00:00:58]} Bxe3 {[%clk 01:30:32]}
{[%emt 00:00:19]} 12. Rxe3 {[%clk 01:31:21]} {[%emt 00:00:31]} Qc6 {[%clk
01:19:49]} {[%emt 00:11:14]} 13. Nbd2 {[%clk 01:28:15]} {[%emt 00:03:36]} O-O
{[%clk 01:19:09]} {[%emt 00:01:10]} 14. Nd4 {[%clk 01:27:23]} {[%emt 00:01:22]}
Qb6 {[%clk 01:13:44]} {[%emt 00:05:55]} 15. Nxe4 {[%clk 01:24:40]} {[%emt
00:03:13]} dxe4 {[%clk 01:14:06]} {[%emt 00:00:09]} 16. b3 {[%clk 01:21:55]}
{[%emt 00:03:15]} f5 {[%clk 01:10:55]} {[%emt 00:03:41]} 17. Qh5 {[%clk
01:19:09]} {[%emt 00:03:15]} Qf6 {[%clk 01:10:28]} {[%emt 00:00:58]} 18. Rd1
{[%clk 01:15:14]} {[%emt 00:04:24]} Nc6 {[%clk 01:05:28]} {[%emt 00:05:31]} 19.
Rh3 {[%clk 01:12:29]} {[%emt 00:03:14]} h6 {[%clk 01:04:41]} {[%emt 00:01:18]}
20. Qe2 {[%clk 01:07:56]} {[%emt 00:05:02]} Ne5 {[%clk 00:50:54]} {[%emt
00:14:18]} 21. Qb5 {[%clk 01:04:36]} {[%emt 00:03:49]} b6 {[%clk 00:47:17]}
{[%emt 00:04:09]} 22. Qd5+ {[%clk 01:01:58]} {[%emt 00:03:07]} Kh8 {[%clk
00:46:18]} {[%emt 00:01:29]} 23. Rh5 {[%clk 00:59:11]} {[%emt 00:03:16]} Rad8
{[%clk 00:45:05]} {[%emt 00:01:44]} 24. Qb5 {[%clk 00:55:51]} {[%emt 00:03:49]}
Nf3+ {[%clk 00:41:33]} {[%emt 00:04:04]} 25. Kh1 {[%clk 00:50:59]} {[%emt
00:05:22]} Nxd4 {[%clk 00:41:44]} {[%emt 00:00:18]} 26. cxd4 {[%clk 00:50:33]}
{[%emt 00:00:55]} Rxd4 {[%clk 00:41:54]} {[%emt 00:00:21]} 27. Rf1 {[%clk
00:49:32]} {[%emt 00:01:30]} f4 {[%clk 00:40:37]} {[%emt 00:01:48]} 28. Rh3
{[%clk 00:47:27]} {[%emt 00:02:33]} Rfd8 {[%clk 00:40:29]} {[%emt 00:00:40]}
29. Kg1 {[%clk 00:46:58]} {[%emt 00:00:58]} Rd1 {[%clk 00:39:14]} {[%emt
00:01:47]} 30. g3 {[%clk 00:44:55]} {[%emt 00:02:31]} f3 {[%clk 00:39:06]}
{[%emt 00:00:39]} 31. Rh4 {[%clk 00:44:25]} {[%emt 00:00:58]} Qa1 {[%clk
00:39:24]} {[%emt 00:00:14]} 32. Rxe4 {[%clk 00:43:42]} {[%emt 00:01:13]} Rxf1+
{[%clk 00:39:40]} {[%emt 00:00:14]} 33. Qxf1 {[%clk 00:43:54]} {[%emt
00:00:17]} Rd1 {[%clk 00:40:01]} {[%emt 00:00:10]} 34. Re8+ {[%clk 00:44:13]}
{[%emt 00:00:10]} Kh7 {[%clk 00:40:26]} {[%emt 00:00:05]} 35. Re1 {[%clk
00:44:18]} {[%emt 00:00:25]} Rxe1 {[%clk 00:40:53]} {[%emt 00:00:04]} 36. h4
{[%clk 00:44:19]} {[%emt 00:00:28]} Rxf1+ {[%clk 00:41:16]} {[%emt 00:00:07]}
37. Kh2 {[%clk 00:44:43]} {[%emt 00:00:05]} Rh1# {[%emt 00:00:04]} 0-1

[Event "Deutsche Ländermeisterschaft 2023"]
[Site "Hannover GER"]
[Date "2023.10.05"]
[Round "7"]
[White "Grebita, Magnus"]
[Black "Schröder, Hannes Artur"]
[Result "1-0"]
[Termination "normal"]
[Board "7.7"]
[WhiteElo "1540"]
[BlackElo "1261"]
[WhiteClock "00:58:27"]
[BlackClock "00:28:55"]
[WhiteTeam "Hamburg"]
[BlackTeam "Mecklenburg-Vorpommern"]
[PlyCount "77"]
[WhiteFideId "34608958"]
[BlackFideId "34608818"]
[EventCountry "GER"]
[EventRounds "7"]
[EventType "team-swiss"]
[EventDate "2023.09.30"]

1. e4 {[%clk 01:30:59]} {[%emt 00:00:01]} e5 {[%clk 01:30:53]} {[%emt
00:00:07]} 2. Nf3 {[%clk 01:31:15]} {[%emt 00:00:14]} Nc6 {[%clk 01:31:12]}
{[%emt 00:00:11]} 3. d4 {[%clk 01:31:41]} {[%emt 00:00:04]} exd4 {[%clk
01:31:30]} {[%emt 00:00:12]} 4. Nxd4 {[%clk 01:32:07]} {[%emt 00:00:04]} Bc5
{[%clk 01:31:25]} {[%emt 00:00:35]} 5. Be3 {[%clk 01:32:29]} {[%emt 00:00:07]}
Qf6 {[%clk 01:31:03]} {[%emt 00:00:52]} 6. c3 {[%clk 01:32:50]} {[%emt
00:00:09]} Nge7 {[%clk 01:30:49]} {[%emt 00:00:44]} 7. Bc4 {[%clk 01:33:02]}
{[%emt 00:00:18]} Ne5 {[%clk 01:29:50]} {[%emt 00:01:29]} 8. Be2 {[%clk
01:33:22]} {[%emt 00:00:10]} Qg6 {[%clk 01:28:54]} {[%emt 00:01:26]} 9. O-O
{[%clk 01:32:23]} {[%emt 00:01:29]} Qxe4 {[%clk 01:25:48]} {[%emt 00:03:37]}
10. Nd2 {[%clk 01:28:58]} {[%emt 00:03:54]} Qd5 {[%clk 01:21:37]} {[%emt
00:04:41]} 11. c4 {[%clk 01:27:24]} {[%emt 00:02:05]} Qd6 {[%clk 01:21:15]}
{[%emt 00:00:52]} 12. Nb5 {[%clk 01:27:20]} {[%emt 00:00:33]} Qb6 {[%clk
01:19:04]} {[%emt 00:02:41]} 13. Bxc5 {[%clk 01:26:14]} {[%emt 00:01:36]} Qxc5
{[%clk 01:19:11]} {[%emt 00:00:24]} 14. b4 {[%clk 01:26:04]} {[%emt 00:00:40]}
Qc6 {[%clk 01:16:06]} {[%emt 00:03:35]} 15. a4 {[%clk 01:22:51]} {[%emt
00:03:42]} d6 {[%clk 01:14:42]} {[%emt 00:01:55]} 16. c5 {[%clk 01:16:40]}
{[%emt 00:06:41]} d5 {[%clk 01:07:15]} {[%emt 00:07:57]} 17. Nd6+ {[%clk
01:12:13]} {[%emt 00:04:56]} cxd6 {[%clk 00:54:25]} {[%emt 00:13:21]} 18. Bb5
{[%clk 01:12:32]} {[%emt 00:00:11]} dxc5 {[%clk 00:54:16]} {[%emt 00:00:39]}
19. Bxc6+ {[%clk 01:12:34]} {[%emt 00:00:27]} bxc6 {[%clk 00:53:27]} {[%emt
00:01:19]} 20. bxc5 {[%clk 01:11:49]} {[%emt 00:01:15]} O-O {[%clk 00:53:20]}
{[%emt 00:00:38]} 21. h3 {[%clk 01:09:35]} {[%emt 00:02:44]} N7g6 {[%clk
00:53:12]} {[%emt 00:00:37]} 22. Nf3 {[%clk 01:09:19]} {[%emt 00:00:45]} Nc4
{[%clk 00:52:45]} {[%emt 00:00:59]} 23. Nd2 {[%clk 01:07:14]} {[%emt 00:02:33]}
Nce5 {[%clk 00:51:07]} {[%emt 00:02:10]} 24. Qc2 {[%clk 01:06:10]} {[%emt
00:01:32]} Ba6 {[%clk 00:50:04]} {[%emt 00:01:33]} 25. Rfe1 {[%clk 01:06:25]}
{[%emt 00:00:10]} Rab8 {[%clk 00:49:09]} {[%emt 00:01:31]} 26. Rab1 {[%clk
01:05:41]} {[%emt 00:01:14]} Bd3 {[%clk 00:48:32]} {[%emt 00:01:07]} 27. Qc3
{[%clk 01:04:26]} {[%emt 00:01:35]} Bxb1 {[%clk 00:46:39]} {[%emt 00:02:34]}
28. Rxb1 {[%clk 01:04:49]} {[%emt 00:00:07]} Rxb1+ {[%clk 00:41:50]} {[%emt
00:05:19]} 29. Nxb1 {[%clk 01:05:13]} {[%emt 00:00:06]} Nc4 {[%clk 00:42:13]}
{[%emt 00:00:06]} 30. Nd2 {[%clk 01:04:10]} {[%emt 00:01:34]} Nxd2 {[%clk
00:39:40]} {[%emt 00:03:03]} 31. Qxd2 {[%clk 01:04:11]} {[%emt 00:00:29]} f6
{[%clk 00:33:31]} {[%emt 00:06:38]} 32. Qa5 {[%clk 01:03:40]} {[%emt 00:01:01]}
d4 {[%clk 00:32:50]} {[%emt 00:01:11]} 33. Qxa7 {[%clk 01:03:10]} {[%emt
00:01:00]} d3 {[%clk 00:31:39]} {[%emt 00:01:41]} 34. Qd7 {[%clk 01:02:20]}
{[%emt 00:01:19]} Ne5 {[%clk 00:32:01]} {[%emt 00:00:09]} 35. Qe6+ {[%clk
01:01:09]} {[%emt 00:01:37]} Kh8 {[%clk 00:31:10]} {[%emt 00:01:26]} 36. Qd6
{[%clk 00:59:44]} {[%emt 00:01:54]} Ra8 {[%clk 00:28:55]} {[%emt 00:02:44]} 37.
f4 {[%clk 00:58:27]} {[%emt 00:01:48]} Nf7 {[%clk 00:29:00]} {[%emt 00:00:25]}
38. Qxd3 {[%clk 00:58:22]} {[%emt 00:00:35]} Rxa4 {[%clk 00:28:55]} {[%emt
00:00:35]} 39. Qd7 {[%clk 00:58:27]} {[%emt 00:00:24]} 1-0

[Event "Deutsche Ländermeisterschaft 2023"]
[Site "Hannover GER"]
[Date "2023.10.05"]
[Round "7"]
[White "Briese, Sophie"]
[Black "Fettan, Nua"]
[Result "1/2-1/2"]
[Termination "normal"]
[Board "7.8"]
[WhiteElo "1240"]
[BlackElo "1248"]
[WhiteClock "01:02:56"]
[BlackClock "00:17:46"]
[WhiteTeam "Mecklenburg-Vorpommern"]
[BlackTeam "Hamburg"]
[PlyCount "76"]
[WhiteFideId "34660305"]
[BlackFideId "34637362"]
[EventCountry "GER"]
[EventRounds "7"]
[EventType "team-swiss"]
[EventDate "2023.09.30"]

1. e4 {[%clk 01:30:56]} {[%emt 00:00:03]} e5 {[%clk 01:30:55]} {[%emt
00:00:06]} 2. Nf3 {[%clk 01:31:19]} {[%emt 00:00:07]} Nc6 {[%clk 01:31:19]}
{[%emt 00:00:06]} 3. Bc4 {[%clk 01:31:42]} {[%emt 00:00:07]} Nf6 {[%clk
01:31:37]} {[%emt 00:00:12]} 4. d3 {[%clk 01:31:54]} {[%emt 00:00:17]} d5
{[%clk 01:29:46]} {[%emt 00:02:21]} 5. exd5 {[%clk 01:32:02]} {[%emt 00:00:22]}
Nxd5 {[%clk 01:28:23]} {[%emt 00:01:53]} 6. O-O {[%clk 01:31:17]} {[%emt
00:01:15]} Bc5 {[%clk 01:28:37]} {[%emt 00:00:16]} 7. Re1 {[%clk 01:30:11]}
{[%emt 00:01:36]} O-O {[%clk 01:26:26]} {[%emt 00:00:44]} 8. Nxe5 {[%clk
01:28:38]} {[%emt 00:04:00]} Nxe5 {[%clk 01:26:29]} {[%emt 00:00:27]} 9. Rxe5
{[%clk 01:28:39]} {[%emt 00:00:29]} Bxf2+ {[%clk 01:26:18]} {[%emt 00:00:40]}
10. Kh1 {[%clk 01:26:53]} {[%emt 00:02:17]} c6 {[%clk 01:21:15]} {[%emt
00:05:34]} 11. Qf3 {[%clk 01:24:26]} {[%emt 00:02:55]} Qf6 {[%clk 01:19:22]}
{[%emt 00:02:24]} 12. Qxf6 {[%clk 01:23:15]} {[%emt 00:01:41]} Nxf6 {[%clk
01:19:40]} {[%emt 00:00:12]} 13. Re2 {[%clk 01:22:06]} {[%emt 00:01:39]} Bc5
{[%clk 01:17:38]} {[%emt 00:02:33]} 14. Nc3 {[%clk 01:21:23]} {[%emt 00:01:13]}
Bg4 {[%clk 01:15:35]} {[%emt 00:02:32]} 15. Re1 {[%clk 01:20:29]} {[%emt
00:01:24]} Rfe8 {[%clk 01:11:55]} {[%emt 00:04:10]} 16. Bg5 {[%clk 01:19:21]}
{[%emt 00:01:38]} Bd4 {[%clk 01:05:33]} {[%emt 00:06:50]} 17. Rab1 {[%clk
01:16:02]} {[%emt 00:03:51]} h6 {[%clk 01:01:04]} {[%emt 00:04:59]} 18. Bh4
{[%clk 01:15:02]} {[%emt 00:01:29]} Nh5 {[%clk 00:59:15]} {[%emt 00:02:19]} 19.
Ne4 {[%clk 01:10:45]} {[%emt 00:04:48]} g5 {[%clk 00:49:01]} {[%emt 00:10:44]}
20. Bf2 {[%clk 01:09:08]} {[%emt 00:02:07]} Bxf2 {[%clk 00:43:23]} {[%emt
00:06:08]} 21. Nxf2 {[%clk 01:09:25]} {[%emt 00:00:13]} Be6 {[%clk 00:42:58]}
{[%emt 00:00:56]} 22. Bxe6 {[%clk 01:09:10]} {[%emt 00:00:44]} Rxe6 {[%clk
00:43:13]} {[%emt 00:00:15]} 23. Rxe6 {[%clk 01:08:32]} {[%emt 00:01:08]} fxe6
{[%clk 00:43:37]} {[%emt 00:00:06]} 24. Ng4 {[%clk 01:08:30]} {[%emt 00:00:32]}
Kg7 {[%clk 00:43:02]} {[%emt 00:01:05]} 25. Re1 {[%clk 01:08:33]} {[%emt
00:00:27]} Rf8 {[%clk 00:42:43]} {[%emt 00:00:49]} 26. Kg1 {[%clk 01:07:44]}
{[%emt 00:01:20]} Re8 {[%clk 00:42:17]} {[%emt 00:00:56]} 27. c4 {[%clk
01:07:18]} {[%emt 00:00:55]} Nf4 {[%clk 00:39:52]} {[%emt 00:02:55]} 28. d4
{[%clk 01:06:05]} {[%emt 00:01:43]} h5 {[%clk 00:38:27]} {[%emt 00:01:55]} 29.
Nf2 {[%clk 01:05:14]} {[%emt 00:01:21]} Kf8 {[%clk 00:34:15]} {[%emt 00:04:43]}
30. Re3 {[%clk 01:04:58]} {[%emt 00:00:45]} h4 {[%clk 00:30:31]} {[%emt
00:04:15]} 31. Nd3 {[%clk 01:04:50]} {[%emt 00:00:38]} Nxd3 {[%clk 00:30:16]}
{[%emt 00:00:44]} 32. Rxd3 {[%clk 01:05:11]} {[%emt 00:00:09]} Rd8 {[%clk
00:30:37]} {[%emt 00:00:09]} 33. Kf2 {[%clk 01:04:46]} {[%emt 00:00:54]} Kf7
{[%clk 00:29:17]} {[%emt 00:01:51]} 34. Ke3 {[%clk 01:04:51]} {[%emt 00:00:24]}
b6 {[%clk 00:26:46]} {[%emt 00:03:01]} 35. Ke4 {[%clk 01:04:31]} {[%emt
00:00:50]} Ke7 {[%clk 00:24:41]} {[%emt 00:02:36]} 36. d5 {[%clk 01:02:26]}
{[%emt 00:02:35]} cxd5+ {[%clk 00:19:34]} {[%emt 00:05:37]} 37. cxd5 {[%clk
01:02:39]} {[%emt 00:00:17]} exd5+ {[%clk 00:19:53]} {[%emt 00:00:11]} 38. Rxd5
{[%clk 01:02:56]} {[%emt 00:00:13]} Rg8 {[%clk 00:17:46]} {[%emt 00:02:34]}
1/2-1/2